000 00831nam a2200265Ia 4500
003 OSt
005 20220912151347.0
006 a|||||r|||| 00| 0
007 ta
008 220909b |||||||| |||| 00| 0 eng d
024 _a23258
037 _cTextual
040 _aCSL
_beng
_cCSL
041 _aeng
082 _aB334:1p1,N78, L9
100 _aParter Seymour V Ed.
111 _aAdvanced senimar on numerical method for parital differential equations (1979 : Madison)
245 0 _aProceeding on Numerical method for partial differential equations
260 _aNew York
_b Academic Press
_c1979
300 _aix, 332p.
_ccm.
650 _a Differential equations
650 _aNumerical methods
942 _hB334:1p1,N78, L9
_cTEXL
_2CC
999 _c66972
_d66972